00301nam a2200133Ia 45000030006000000080041000060400015000471000034000622450023000962500010001192600009001295460012001380050017001500STCL150530s9999 xx 000 0 und d aSTCLcSTCL aHarcourt; Laing, N.F; Editors aCapital and growth aFirst c1973 aEnglish20220125165623.0